000 01452nam a2200217Ia 4500
003 Ost
005 20260507075522.0
008 260507s9999||||xx |||||||||||||| ||und||
020 _a23236799619
040 _cfsecg
041 _aara
082 _a330
100 _aحروش، رفيقة
_eمؤلف
245 0 _aاقتصاد وتسيير المؤسسة /
_c رفيقة حروش
260 _aالجزائر:
_bشركة دار الأمة للطباعة والنشروالتوزيع,
_c2013
300 _a224 صفحة؛
_bإيضاحات ؛
_c23 سم
504 _aببليوغرافيا:ص.219-224
520 _aمفهوم المشكلة الاقتصادية،وأساليب معالجتها في الأنظمة الاقتصادية المختلفة،مفهوم المؤسسة الاقتصادية،أهدافها-خصائصها-تصنيفاتها-مواردها-ودورة حياتها،بيئة المؤسسة الاقتصادية،وظائف المؤسسة الاقتصادية،إسهامات الفكر الاداري في تطوير الوظيفة الإدارية في المؤسسة الاقتصادية،إدارة الجودة الشاملة،الادارة الاستراتيجية،عملية اتخاذ القرار في المؤسسة الاقتصادية،الهيكل التنظيمي للمؤسسة الاقتصادية،تقييم أداء المؤسسة الاقتصادية
653 _aالاقتصاد
942 _cكتاب
999 _c44779
_d44779